00513nam a2200133Ia 4500008004100000100001900041245006100060260002400121300000800145650000800153942001200161999001300173952019300186191201s2004 xx 000 0 und d aOLSON, David L 0aManagerial Issue of Enterprise Resource Planning Systems aN. DelhibTMHc2004 a180 aMBA 2ddccBK c178d178 00102ddc40708MBAaPIETbPIETd2014-09-27eDonated by Priyanka SahgalkDonated by Priyanka Sahgall0o658.301 OLMp24955r2019-12-04 00:00:00w2014-08-16yBKzDonated by Priyanka Sahgal